000 005050000a22001810004500
003 MACL
005 20160410121805.0
008 160410b xxu||||| |||| 00| 0 eng d
040 _aMACL
_cMACL
041 _aHindi
082 _a370
100 _aमेहरा नवीन
_951632
245 _aहमारा विश्‍व
260 _bजनवाणी प्रकाशन
_c2000
_aनई दिल्‍ली
350 _a125
650 _aEducation
_951634
942 _cHIN
_k370
_2ddc
999 _c9681
_d9681